Celebrities 1940s-2010s - Statistics

General Stats
  • This quiz has been taken 182 times
  • The average score is 11 of 16
Answer Stats
Picture Hint Answer % Correct
1950s Marilyn Monroe
92%
2010s Katy Perry
89%
2000s Brad Pitt
84%
1980s Tom Cruise
82%
2010s Justin Timberlake
80%
1970s Richard Nixon
78%
1940s Louis Armstrong
76%
1980s Madonna
72%
1960s Clint Eastwood
68%
1950s Alfred hitchcock
63%
2000s Megan Fox
63%
1990s Julia Roberts
51%
1940s Judy Garland
50%
1990s Mike Myers
50%
1970s Lynda Carter
38%
1960s Natalie Wood
28%
No matching quizzes found
Score Distribution
Percent of People with Each Score
Percentile by Number Answered
Your Score History
You have not taken this quiz